| 000 | 00474nam a22001697a 4500 | ||
|---|---|---|---|
| 005 | 20240722085824.0 | ||
| 008 | 240722b |||||||| |||| 00| 0 eng d | ||
| 020 | _a9780135432099 | ||
| 082 |
_a006.686 _bSTE-A |
||
| 100 | _aSteuer, Sharon | ||
| 245 |
_aAdobe Illustrator WOW : _b Book for CS6 and CC, / _cSharon Steuer |
||
| 260 |
_aUSA: _bWiley; _c2019. |
||
| 300 |
_axiv, 338 p. : _bill; _c24 cm. |
||
| 500 | _ainclude index. | ||
| 650 | _aGraphic design | ||
| 999 |
_c36157 _d36157 |
||